<?xml version="1.0" encoding="UTF-8"?>
<record
    xmlns:xsi="http://www.w3.org/2001/XMLSchema-instance"
    xsi:schemaLocation="http://www.loc.gov/MARC21/slim http://www.loc.gov/standards/marcxml/schema/MARC21slim.xsd"
    xmlns="http://www.loc.gov/MARC21/slim">

  <leader>00386nam a2200121   4500</leader>
  <datafield tag="245" ind1=" " ind2=" ">
    <subfield code="a">Elementary teachings of Islam</subfield>
    <subfield code="c">by Moulana Mahammed Abdul Aleem Siddiqui</subfield>
  </datafield>
  <datafield tag="100" ind1=" " ind2=" ">
    <subfield code="a">Siddiqui, Moulana Mahammed Abdul Aleem</subfield>
  </datafield>
  <datafield tag="250" ind1=" " ind2=" ">
    <subfield code="a">3rd ed.</subfield>
  </datafield>
  <datafield tag="260" ind1=" " ind2=" ">
    <subfield code="a">Bangalore</subfield>
    <subfield code="b">Islamic Literature Publishing</subfield>
    <subfield code="c">[19-?]</subfield>
  </datafield>
  <datafield tag="300" ind1=" " ind2=" ">
    <subfield code="a">vi,88p.; 18cm.</subfield>
  </datafield>
  <datafield tag="082" ind1=" " ind2=" ">
    <subfield code="a">297.07</subfield>
    <subfield code="b">SID</subfield>
  </datafield>
  <datafield tag="650" ind1=" " ind2=" ">
    <subfield code="a">Islam--Study and teaching</subfield>
  </datafield>
  <datafield tag="952" ind1=" " ind2=" ">
    <subfield code="0">0</subfield>
    <subfield code="1">0</subfield>
    <subfield code="4">0</subfield>
    <subfield code="7">0</subfield>
    <subfield code="8">GEYA</subfield>
    <subfield code="a">NEHU</subfield>
    <subfield code="b">NEHU</subfield>
    <subfield code="d">2011-11-24</subfield>
    <subfield code="l">1</subfield>
    <subfield code="o">297.07 SID</subfield>
    <subfield code="p">B1128</subfield>
    <subfield code="r">2012-10-26 00:00:00</subfield>
    <subfield code="s">2012-10-25</subfield>
    <subfield code="t">,2</subfield>
    <subfield code="w">2011-11-24</subfield>
    <subfield code="y">BK</subfield>
  </datafield>
  <datafield tag="999" ind1=" " ind2=" ">
    <subfield code="c">5167</subfield>
    <subfield code="d">5167</subfield>
  </datafield>
</record>
